000 00544nam a2200181Ia 4500
005 20250508152823.0
008 008 250505s9999 xx 000 0 eng d
037 _aTextual
040 _aFEDL
_beng
_cFEDL
041 _aeng
_2eng
084 _a370.95482, MAD
_qFEDL
245 0 _aGrant in aid code for educational institutions other than elementary schools of the adras educational department
260 _c1956
300 _a33p.
650 _aEducation
942 _cTEXL
_h370.95482, MAD
999 _c1338967
_d1338967